000 00414nam a22001697a 4500
003 OSt
008 241023b |||||||| |||| 00| 0 eng d
020 _a9781408127483
082 _a687.4 JOP
100 _aJOHNSON, Ruth Sleigh
245 _aPractical Sewing Techniques,
250 _a1st. ed.
260 _aLondon,
_bA&C Black Visual Arts,
_c2011,
300 _a144 p.
650 _aB.FAD.
942 _2ddc
_cREF
999 _c12953
_d12953